Evropská fiskální pravidla a jejich účinnost: prvních 15 let

Pojem fiškálne pravidlá. Ich kladné a záporné stránky. História európskych fiškálnych pravidiel.

Saved in:
Bibliographic Details
Main Author: Prušvic, David
Format: Book Chapter
Language:Czech
Subjects:
Tags: Add Tag
No Tags, Be the first to tag this record!

MARC

LEADER 00000naa$a2200000$$$4500
001 0112120
005 20231121105526.5
041 0 |a cze 
044 |a CZ 
245 1 0 |a Evropská fiskální pravidla a jejich účinnost: prvních 15 let  |c David Prušvic 
520 |a Pojem fiškálne pravidlá. Ich kladné a záporné stránky. História európskych fiškálnych pravidiel. 
610 2 0 |a politika fiškálna 
610 2 0 |a Európa 
610 2 0 |a financie verejné 
610 2 0 |a analýza regresná 
610 2 0 |a rozpočty verejné 
100 1 |a Prušvic, David